[Event "St Petersburg Korchnoi Memorial op"]
[Site "St Petersburg"]
[Date "2024.08.17"]
[Round "1"]
[White "Pogorelov, Daniil A"]
[Black "Sokolov, Aleksey Fed"]
[Result "1-0"]
[WhiteElo "1905"]
[BlackElo "1533"]
[PlyCount "45"]
[EventDate "2024.08.17"]
[EventType "swiss"]
[EventRounds "9"]
[EventCountry "RUS"]
[SourceTitle "CBM 221 Extra"]
[Source "ChessBase"]
[SourceDate "2024.09.30"]
[SourceVersion "1"]
[SourceVersionDate "2024.09.30"]
[SourceQuality "1"]

1. d4 Nf6 2. Nc3 d5 3. Bg5 e6 4. e4 dxe4 5. Nxe4 Be7 6. Bxf6 Bxf6 7. Nf3 Nc6 8. c3 0-0 9. Bd3 b6 10. Qe2 Bb7 11. 0-0-0 Re8 12. g4 g6 13. h4 Bg7 14. Kb1 Ne7 15. h5 Bxe4 16. Bxe4 Rc8 17. Ne5 Nd5 18. hxg6 fxg6 19. Qf3 Bxe5 20. dxe5 Qg5 21. Bxd5 exd5 22. Qxd5+ Kg7 23. Rxh7+ 1-0

[Event "St Petersburg Korchnoi Memorial op"]
[Site "St Petersburg"]
[Date "2024.08.17"]
[Round "2"]
[White "Sokolov, Aleksey Fed"]
[Black "Shestak, Dmitriy"]
[Result "0-1"]
[WhiteElo "1533"]
[BlackElo "1746"]
[PlyCount "74"]
[EventDate "2024.08.17"]
[EventType "swiss"]
[EventRounds "9"]
[EventCountry "RUS"]
[SourceTitle "CBM 221 Extra"]
[Source "ChessBase"]
[SourceDate "2024.09.30"]
[SourceVersion "1"]
[SourceVersionDate "2024.09.30"]
[SourceQuality "1"]

1. e4 e6 2. d4 b6 3. Nc3 Bb7 4. Nf3 Nf6 5. Bd3 Bb4 6. Bg5 h6 7. Bxf6 Qxf6 8. 0-0 Nc6 9. e5 Qd8 10. Ne2 0-0 11. c3 Be7 12. Ng3 Qe8 13. Bc2 f5 14. exf6 gxf6 15. Qd3 Qf7 16. Qe3 Kg7 17. Nh4 Rh8 18. Ng6 f5 19. Nxh8 Rxh8 20. f4 h5 21. Bd1 h4 22. Nh1 Bd6 23. Bf3 Ba6 24. Rfe1 Ne7 25. Nf2 Qf6 26. Nh3 c6 27. Ng5 Qh6 28. Be2 Nd5 29. Qf2 Bxe2 30. Rxe2 Nxf4 31. Nf3 Nxe2+ 32. Qxe2 Kf7 33. Ne5+ Ke7 34. Rf1 Rg8 35. c4 h3 36. g3 Qh4 37. Rf4 Qxf4 0-1